=LDR 00000nam 2200000 4500 =001 INLIS000000000018943 =005 20130612114048 =008 ***********************************Ind** =035 ##$$0010-061300000018943 =041 ##$$a Ind =082 ##$$a 2x4.07 =090 ##$$a 2x4.07, Sud p =100 ##$$a Sudarsono, Drs =245 ##$$a Pokok-pokok hukum islam, oleh Drs. Sudarsono =260 ##$$a 1992 $b Jakarta =300 ##$$a x, 672 hlm, 20 cm =650 ##$$a Hukum Islam =850 ##$$a NBPNMAT